000 01091pam a2200289 a 4500
001 4945956
003 ARRUPE
005 20150728020012.0
008 960816s1997 nyu b 100 0 eng
010 _a 96041522
020 _a1573921122 (cloth : alk. paper)
040 _aDLC
_cDLC
_dDLC
050 0 0 _aBL624
_b.M633 1997
082 0 0 _a291.4
_220
100 _aBrown, Laurence Binet
_92316
245 0 0 _aModern spiritualities :
_ban inquiry /
_cedited by Laurence Brown, Bernard C. Farr, R. Joseph Hoffmann.
260 _aAmherst, N.Y. :
_bPrometheus Books,
_c1997.
300 _a256 p. ;
_c24 cm.
504 _aIncludes bibliographical references.
650 0 _aSpirituality
_xCongresses.
_92317
700 1 _aBrown, Laurence Binet,
_d1927-
_92318
700 1 _aFarr, Bernard C.
_92319
700 1 _aHoffmann, R. Joseph.
_92320
906 _a7
_bcbc
_corignew
_d1
_eocip
_f19
_gy-gencatlg
942 _2lcc
_cMONOGRAPH
_01
999 _c118296
_d118296